Defendamos la vida / (Record no. 120231)

MARC details
000 -LEADER
campo de control de longitud fija 00556nam a2200193 i 4500
001 - NÚMERO DE CONTROL
campo de control 120231
003 - IDENTIFICADOR DE NÚMERO DE CONTROL
campo de control ES-MaACL
005 - FECHA Y HORA DE LA ÚLTIMA TRANSACCIÓN
campo de control 20250718062541.0
007 - CAMPO FIJO DE DESCRIPCIÓN FÍSICA--INFORMACIÓN GENERAL
campo de control de longitud fija t|
008 - DATOS DE LONGITUD FIJA--INFORMACIÓN GENERAL
campo de control de longitud fija 070214s1961 sp |||| | spa d
100 1# - ENTRADA PRINCIPAL--NOMBRE DE PERSONA
Nombre de persona Perico, Giacomo.
9 (RLIN) 91257
245 10 - MENCIÓN DEL TÍTULO
Título Defendamos la vida /
Mención de responsabilidad, etc. Giacomo Perico ; versión española de José Zahonero Vivó.
260 ## - PUBLICACIÓN, DISTRIBUCIÓN, ETC.
Lugar de publicación, distribución, etc. Alcoy :
Nombre del editor, distribuidor, etc. Marfil,
Fecha de publicación, distribución, etc. 1961.
300 ## - DESCRIPCIÓN FÍSICA
Extensión 451 p. ;
Dimensiones 24 cm.
650 #7 - PUNTO DE ACCESO ADICIONAL DE MATERIA--TÉRMINO DE MATERIA
Término de materia o nombre geográfico como elemento de entrada Ética
Fuente del encabezamiento o término embne
9 (RLIN) 12577
700 1# - ENTRADA AGREGADA--NOMBRE PERSONAL
Nombre de persona Zahonero Vivó, José.
9 (RLIN) 117851
852 ## - LOCALIZACIÓN
Ubicación ES-MaACL
Número de control de estantería C-20962
Holdings
Estatus retirado Estado de pérdida Estado de daño No para préstamo Biblioteca de origen Biblioteca actual Ubicación en estantería Fecha de adquisición Fuente de adquisición Total de préstamos Signatura topográfica completa Código de barras Visto por última vez Precio de reemplazo Tipo de ítem Koha
        Biblioteca del Ateneo de Madrid Biblioteca del Ateneo de Madrid Galería 17/01/2008     C-20962 1125320 23/02/2023 23/02/2023 Libro impreso